Central Library OPAC University of Rajshahi

Principles and practice of commerce / (Record no. 50652)

MARC details
000 -LEADER
fixed length control field 00677nam a2200241 a 4500
001 - CONTROL NUMBER
control field 50652
003 - CONTROL NUMBER IDENTIFIER
rucl marc code BD-RjUL
005 - DATE AND TIME OF LATEST TRANSACTION
control field 20211209075537.0
008 - FIXED-LENGTH DATA ELEMENTS--GENERAL INFORMATION
fixed length control field 160828r1`951951enk 001 0 eng d
035 ## - SYSTEM CONTROL NUMBER
System control number (BD-RjUL)50772
040 ## - CATALOGING SOURCE
Original cataloging agency ANL
Language of cataloging eng
Transcribing agency ANL
Modifying agency BD-RjUL
041 ## - LANGUAGE CODE
Language code of text/sound track or separate title eng
082 ## - DEWEY DECIMAL CLASSIFICATION NUMBER
Classification number 380.1
Author mark and year STP 1954
100 1# - MAIN ENTRY--PERSONAL NAME
Personal name Stephenson, James,
Dates associated with a name 1884-
9 (RLIN) 22347
245 10 - TITLE STATEMENT
Title Principles and practice of commerce /
Statement of responsibility, etc. James Stephenson
250 ## - EDITION STATEMENT
Edition statement 4th ed.
260 ## - PUBLICATION, DISTRIBUTION, ETC. (IMPRINT)
Place of publication, distribution, etc. London :
Name of publisher, distributor, etc. I. Pitman,
Date of publication, distribution, etc. c1951 [reprinted 1954]
300 ## - PHYSICAL DESCRIPTION
Pagination xiv, 896 p. :
Illustrations ill. ;
Size 22 cm.
650 #0 - SUBJECT ADDED ENTRY--TOPICAL TERM
Topical term or geographic name as entry element Commerce.
9 (RLIN) 22348
Topical term or geographic name as entry element Business.
9 (RLIN) 22349
Topical term or geographic name as entry element Economics.
9 (RLIN) 22350
942 ## - ADDED ENTRY ELEMENTS (KOHA)
Source of classification or shelving scheme Dewey Decimal Classification
Koha item type Books
Holdings
Lost status Source of classification or shelving scheme Damaged status Not for loan Collection code Permanent Location Current Location Shelving location Date acquired Source of acquisition Cost, normal purchase price Total Checkouts Full call number Date last seen Copy number Koha item type
  Dewey Decimal Classification     Non-fiction Central Library, University of Rajshahi Central Library, University of Rajshahi   18/05/1957 PublisherS 20.50   380.1 STP 1954 28/08/2016 C-2 Books
  Dewey Decimal Classification     Non-fiction Central Library, University of Rajshahi Central Library, University of Rajshahi   08/06/1955 Allies Book Corporation. 14.10   380.1 STP 1954 28/08/2016 C-3 Books
  Dewey Decimal Classification   Not For Loan Non-fiction Central Library, University of Rajshahi Central Library, University of Rajshahi Reading Room 26/01/1955 Longmas     380.1 STP 1951 16/01/2017 C-1 Books